000 00910nam a22002177a 4500
999 _c19178
_d19178
003 AR-CdUCM
008 190516b ||||| |||| 00| 0 spa d
040 _aMUNICIPALIDAD PROVINCIAL DEL CUSCO
_cBIBLIOTECA MUNICIPAL DEL CUSCO
082 _22ed.
_a343.974 /
_bA67
100 _aPeña y Reyes, Antonio de la
_940369
245 _aDon Juan prim y su labor diplomático en México /
260 _aMéxico :
_bPorrua,
_c1971.
300 _a251 páginas ;
_c23 cm.
440 _aArchivo histórico diplomático mexicano
_n25
_940370
505 _aContenido : La defensa de México, por el general prim, en el senado español -- La escuadra española en Veracruz -- Comunicación al Cónsul de Francia en Veracruz, encargado del consulado de España ...
650 _aSociales
_928612
650 _aRelaciones internacionales
_93395
650 _aMéxico
_918
942 _2ddc
_cLIBROS
945 _arah
_d2019-05-16